Az előzetesen megszerzett tudás és kompetenciák beszámításának módszerei, lehetőségei a felnőttoktatásban

Elmentve itt :
Bibliográfiai részletek
Szerző: Vízhányó István László
További közreműködők: Farkas Éva (Témavezető)
Dokumentumtípus: Szakdolgozat
Megjelent: 2018
Tárgyszavak:
Online Access:http://diploma.bibl.u-szeged.hu/73092
LEADER 00845nta a2200169 i 4500
001 dipl73092
005 20190918131455.0
008 190918s2018 hu om 0|| zxx d
040 |a SZTE Diploma Repozitórium  |b hun 
041 |a zxx 
100 1 |a Vízhányó István László 
245 1 3 |a Az előzetesen megszerzett tudás és kompetenciák beszámításának módszerei, lehetőségei a felnőttoktatásban  |h [elektronikus dokumentum] /  |c István László Vízhányó 
246 1 0 |a The Methods and Possibilities of Taking Previous Knowledge and Competences into Consideration in Adult Education  |h [elektronikus dokumentum] 
260 |c 2018 
650 4 |a Természettudományok 
700 1 |a Farkas Éva  |e ths 
856 4 0 |u http://diploma.bibl.u-szeged.hu/id/eprint/73092/1/2018_V%C3%ADzh%C3%A1ny%C3%B3_Istv%C3%A1n_L%C3%A1szl%C3%B3_PNLY1Y_SZ.pdf  |z Dokumentum-elérés